Psicoterapia breve con provocación de angustia : (Record no. 85000)

MARC details
000 -CABECERA
campo de control de longitud fija 00737nam a2200241 a 4500
005 - FECHA Y HORA DE LA ÚLTIMA TRANSACCIÓN
campo de control 20221108063508.0
008 - ELEMENTOS DE LONGITUD FIJA--INFORMACIÓN GENERAL
campo de control de longitud fija 010910s1993 r 000 0 eng d
020 ## - NÚMERO INTERNACIONAL NORMALIZADO PARA LIBROS
Número Internacional Estándar del Libro 9505185316
035 ## - NÚMERO DE CONTROL DEL SISTEMA
Número de control de sistema UPN01000111091
049 ## - COLECCIÓN
Colección CG
050 #4 - SIGNATURA TOPOGRÁFICA DE LA BIBLIOTECA DEL CONGRESO
Número de clasificación RC480.55
Número de documento/Ítem S5.318
100 1# - ASIENTO PRINCIPAL--NOMBRE PERSONAL
Nombre de persona Sifneos, Peter Emanuel
245 10 - MENCIÓN DE TÍTULO
Título Psicoterapia breve con provocación de angustia :
Resto del título manual de tratamiento /
Mención de responsabilidad, etc. Peter E. Sifneos ; tr. Zoraida J. Valcárcel
260 ## - PUBLICACIÓN, DISTRIBUCIÓN, ETC.
Lugar de publicación, distribución, etc. Buenos Aires :
Nombre del editor, distribuidor, etc. Amorrortu,
Fecha de publicación, distribución, etc. 1993
300 ## - DESCRIPCIÓN FÍSICA
Extensión 268 p.
440 #0 - MENCIÓN DE SERIE/ASIENTO SECUNDARIO--TÍTULO
Título Biblioteca de psicología y psicoanálisis
650 #2 - ASIENTO SECUNDARIO DE MATERIA - TERMINO TEMATICO
Término de materia o nombre geográfico como elemento de entrada Psicoterapia breve
9 (RLIN) 23853
650 #4 - ASIENTO SECUNDARIO DE MATERIA - TERMINO TEMATICO
Término de materia o nombre geográfico como elemento de entrada PSICOTERAPIA PSICODINAMICA
650 #4 - ASIENTO SECUNDARIO DE MATERIA - TERMINO TEMATICO
Término de materia o nombre geográfico como elemento de entrada TERAPEUTICA
901 ## - ELEMENTOS DE DATOS A LOCAL LDA (RLIN)
a 183818
902 ## - ELEMENTOS DE DATOS B LOCAL, LDB (RLIN)
Creó MITM/cav
905 ## - TIPO DE MATERIAL
Tipo de material Libro
Holdings
Estado de retiro Estado de pérdida Fuente del sistema de clasificación o colocación Estado dañado No para préstamo Código de colección Localización permanente Ubicación/localización actual Ubicación en estantería Enumeración/cronología de publicación seriada Total de préstamos Clasificación Código de barras Fecha visto por última vez Número de copia Tipo de ítem Koha
    Library of Congress Classification     Colección General Bib. Gregorio Torres Quintero Bib. Gregorio Torres Quintero Planta baja - 4 RC480.55 S5.318 183818 31/12/2020 1 Libro